000 00887cac a2200265 a 4500
003 Co-PeBPM
005 20251124130525.0
008 231129e1987||||ck a||||||||||||| ||spa||
020 _a8434582465
040 0 _aCo-PeBPM
_bspa
_cCo-PeBPM
_erda
041 _aspa
082 0 4 _a539.7 M153c
_222
100 1 _aMckay, Alwyn
_eautor
245 1 0 _aLa construcción de la era atómica
_c/ Alwyn Mckay, traducción Dr. Navarro Veguillas
260 _aBarcelona, España
_b: Salvat
_c, 1987
300 _a194 páginas
_b: Ilustraciones a blanco y negro
_c; 18,5 centímetros
500 _aIncluye índice.
504 _aIncluye bibliografía.
650 1 4 _aEstructura nuclear
_2LEMB
650 1 4 _aTeoría atómica
_2LEMB
650 1 4 _aTeoría cuántica
_2LEMB
700 _aVeguillas, Dr Navarro
_etraducción
942 _2ddc
_cBK
999 _c16744
_d16744